000 00837cam a2200277 4500
008 090401t1993 xxu||||| |||| 00| 0 eng d
020 _a0851255736
035 _a(Sirsi) u34139
041 _aeng
050 _a690.25
100 _aBuller, P.J.S.
245 4 _aThe gales of January and February 1990: damage to buildings and structures.
260 _aGarston, Watford
_bBuilding Research Establishment
_c1993
300 _aiii,19p. : ill. ; 30cm.
350 _a18
490 _aBRE Building Renewal
_v248
490 _aBuilding
_v248 Research Establishment Report
650 _aBUILDING FAILURES
650 _aGALE DAMAGE
650 _aSTRUCTURAL FAILURES
650 _aWIND DAMAGE
690 _aBUILT ENVIRONMENT-BUILDING PATHOLOGY
710 _aBuilding Research Establishment
942 _n0
948 _c04/03/1997
999 _c89910
_d89910